000256761 001__ 256761
000256761 005__ 20260303173146.0
000256761 0247_ $$aG:(GEPRIS)396570021$$d396570021
000256761 035__ $$aG:(GEPRIS)396570021
000256761 040__ $$aGEPRIS$$chttp://gepris.its.kfa-juelich.de
000256761 150__ $$aRegulation der Immunbalance während der ASZT durch Vitamin D3 (B12)$$y2018 -
000256761 371__ $$aPrivatdozent Dr. Heiko Bruns
000256761 371__ $$aProfessorin Dr. Marina P. Kreutz
000256761 371__ $$aDr. Carina Matos
000256761 371__ $$aDr. Katrin Peter
000256761 450__ $$aDFG project G:(GEPRIS)396570021$$wd$$y2018 -
000256761 5101_ $$0I:(DE-588b)2007744-0$$aDeutsche Forschungsgemeinschaft$$bDFG
000256761 550__ $$0G:(GEPRIS)324392634$$aTRR 221: Steuerung der Transplantat-gegen-Wirt- und Transplantat-gegen-Leukämie-Immunreaktionen nach allogener Stammzelltransplantation$$wt
000256761 680__ $$aEine verringerte Expression des Vitamin D-Rezeptors (VDR) ist ein unabhängiger Risikofaktor für die Mortalität nach ASZT, und im Mausmodell entwickelten Tiere mit erhöhtem Vitamin-D3-Spiegel eine abgeschwächte akute GvHD. Hierbei wurden myeloische Zellen als Hauptziel von Vitamin D3 identifiziert und es zeigten sich VDR-abhängige Veränderungen der Genexpression und Darmmikrobiota. In der nächsten Förderperiode sollen diese Ergebnisse in einem weiteren Mausmodell bestätigt und (lokale) VDR-Agonisten einschließlich probiotischer Vitamin D3-Metabolite als neue Therapieoption der GvHD evaluiert werden.
000256761 909CO $$ooai:juser.fz-juelich.de:923364$$pauthority$$pauthority:GRANT
000256761 909CO $$ooai:juser.fz-juelich.de:923364
000256761 980__ $$aG
000256761 980__ $$aAUTHORITY